000 00418nam a2200181Ia 4500
001 812
005 20260306140545.0
008 260306t2007||||xx |||||||||||||| ||spa||
041 _aESP
082 _a170
_bG51
100 _aGiusti, Miguel
_eAUT
245 0 _aDebates de la ética contemporánea
260 _c2007
300 _a22 páginas :
_c22 cm.
650 _aGEN
654 _aCHU
942 _cLIB
_dJUS
_fJUS
_2ddc
_n
999 _c812
_d812